000 00588nam a2200181Ia 4500
005 20250923145257.0
008 008 250917s9999 xx 000 0 eng d
037 _aTextual
040 _aDSWL
_beng
_cDSWL
041 _aeng
_2eng
084 _aY31:7:70aL:71.1(Y:434), N73
_qDSWL
100 _aKocher, James E.
_9833597
245 0 _aRural Development Income Dist. and Fertility Decline
_cby James E. Kocher
260 _aNew York
_b Population Council
_c1973
300 _aix105p.
942 _cTEXL
_hY31:7:70aL:71.1(Y:434), N73
999 _c1449348
_d1449348